Taxation Handbook : (Record no. 5956)

MARC details
000 -LEADER
fixed length control field 00586nam a22001937a 4500
003 - CONTROL NUMBER IDENTIFIER
control field OSt
005 - DATE AND TIME OF LATEST TRANSACTION
control field 20171108205517.0
008 - FIXED-LENGTH DATA ELEMENTS--GENERAL INFORMATION
fixed length control field 141126b xxu||||| |||| 00| 0 eng d
020 ## - INTERNATIONAL STANDARD BOOK NUMBER
International Standard Book Number 9-7899-7002-9778
040 ## - CATALOGING SOURCE
Original cataloging agency LDCLIB
Transcribing agency LDCLIB
082 ## - DEWEY DECIMAL CLASSIFICATION NUMBER
Edition number 22
Classification number 343.041053
Item number UGA
100 ## - MAIN ENTRY--PERSONAL NAME
Personal name Uganda Revenue Authority
245 ## - TITLE STATEMENT
Title Taxation Handbook :
Remainder of title a guide to taxation in Uganda /
Statement of responsibility, etc Uganda Revenue Authority
260 ## - PUBLICATION, DISTRIBUTION, ETC. (IMPRINT)
Place of publication, distribution, etc Kampala, Uganda :
Name of publisher, distributor, etc Fountain Publishers
Date of publication, distribution, etc 2011
300 ## - PHYSICAL DESCRIPTION
Extent vii, 161 P. ;
Other physical details ill. :
Dimensions 25 Cm.
650 ## - SUBJECT ADDED ENTRY--TOPICAL TERM
Topical term or geographic name as entry element Taxation
650 ## - SUBJECT ADDED ENTRY--TOPICAL TERM
Topical term or geographic name as entry element Taxation handbook
942 ## - ADDED ENTRY ELEMENTS (KOHA)
Source of classification or shelving scheme Dewey Decimal Classification
Koha item type Books
Holdings
Withdrawn status Lost status Source of classification or shelving scheme Damaged status Not for loan Home library Current library Shelving location Date acquired Total Checkouts Full call number Barcode Date last seen Copy number Price effective from Koha item type Public note
    Dewey Decimal Classification     Law Development Centre Main Library Law Development Centre Main Library Text Books and Laws 11/26/2014   343.041053 UGA 1014/2014 11/26/2014 1 11/26/2014 Books Reference
    Dewey Decimal Classification     Law Development Centre Main Library Law Development Centre Main Library Text Books and Laws 11/26/2014   343.041053 UGA 1015/2014 11/26/2014 2 11/26/2014 Books Reference